Music Quiz

Random Music or Show Quiz

Cirque du Soleil Music Quiz Stats

 Plays Quiz not verified by Sporcle

Challenge
Share
Tweet
Embed
Score 0/25 Timer 05:00
0 Plays Today
Song Show % Correct
AlegriaAlegria
100%
QuidamQuidam
94.5%
LiamaLa Nouba
54.5%
KumbalweSaltimbanco
54.5%
EgypteMystere
47.3%
Mer noireO
47.3%
Stella ErransDralion
47.3%
SvecouniaO
43.6%
QueensLa Nouba
43.6%
PokinoiSaltimbanco
43.6%
CarrouselQuidam
41.8%
KalimandoMystere
38.2%
El PenduloVarekai
38.2%
Song Show % Correct
PatzivotaVarekai
36.4%
ValsapenaAlegria
36.4%
OmbraDralion
34.5%
Jeux D'enfantsAlegria
32.7%
ZydekoQuidam
32.7%
Le ReveurVarekai
32.7%
PorteLa Nouba
32.7%
KamandeDralion
30.9%
La Nova AlegriaDelirium
27.3%
EphraO
25.5%
RideauSaltimbanco
23.6%
Time FliesDelirium
21.8%

You're not logged in!

Compare scores with friends on all Sporcle quizzes.
Join for Free
OR
Log In

You Might Also Like...

Show Comments

Extras

Top Quizzes Today


Score Distribution

Your Account Isn't Verified!

In order to create a playlist on Sporcle, you need to verify the email address you used during registration. Go to your Sporcle Settings to finish the process.

Report this User

Report this user for behavior that violates our Community Guidelines.

Details: